01036nam a2200241Ia 4500001000600000003000900006008004100015040001300056040001300069041001300082100002400095100002900119245013000148245007500278250001100353260002100364260001900385260004900404300005700453500021100510650004200721650003100763E2811IT-RoPAU130308s9999 xx 000 0 und d aIT-RoPAU cIT-RoPAU aITALIANO aCardaropoli Gerardo gCodice Aut. SPICS: 8440 a"Lettere ""Tertio millennio adveniente"" e ""Ut unum sint"" (Le)-Quali indicazioni per l'annunzio del Vangelo verso il 2000?" bLinguaggio per la Nuova Evangelizzazione nella missione al Popolo (Il) a1a ed. aS. GABRIELE (TE) bEditoriale Eco c1997 [1° Ed.:1997 - Ed.Ling.Originale:1997] a"17 p. (prefazione: no ; testo: 17 [pagine: 27-43])" a"Il 2000 nel Magistero di Giovanni Paolo Ii. Categoria ""Storia"" e Senso della Storia. Discernimento Sul presente momento Storico. per la preparazione del terzo Millennio: Rinnovare la missione al Popolo." aSAGGI PASTORALE COMUNICAZIONE SOCIALE eCodice materia Spics: 9311